Normal view
MARC view
Entry Topical Term
001 - CONTROL NUMBER
- control field: 725486
003 - CONTROL NUMBER IDENTIFIER
- control field: OSt
005 - DATE AND TIME OF LATEST TRANSACTION
- control field: 20241128112856.0
008 - FIXED-LENGTH DATA ELEMENTS
- fixed length control field: 241128|| aca||aabn | a|a d
040 ## - CATALOGING SOURCE
- Original cataloging agency: OSt
- Transcribing agency: OSt
150 ## - HEADING--TOPICAL TERM
- Topical term or geographic name entry element: Human Rights- Tribal Movements- Jharkhand
670 ## - SOURCE DATA FOUND
- Source citation: Work cat.: (OSt)1219704: De Debasree 725485, Human rights tribal movements and violence: Tribal tenacity in the Twenty-First Century in Central Eastern India, 2023
